| 000 | 00564cam a2200217ua 4500 | ||
|---|---|---|---|
| 001 | 10833 | ||
| 005 | 20260515114651.0 | ||
| 008 | 190408n ii |||gr||||Z||||||asm | ||
| 020 | _a9788192188706 | ||
| 040 | _cMAIN | ||
| 041 | _aasm | ||
| 082 | _a920 | ||
| 100 |
_aBhabendra Nath Saikia, _eAuthor. |
||
| 245 |
_aJeewan rekha _cBy Bhabendra Nath Saikia |
||
| 250 |
_a1st ed. / _bV.2. |
||
| 260 |
_aGuwahati: _bJyoti prakashan, _c2011. |
||
| 300 | _a432p. | ||
| 653 | _aBiography, genealogy & insignia | ||
| 653 | _aDiary of Bhabendranath Saikia | ||
| 942 | _cBK | ||
| 999 |
_c9781 _d9781 |
||